Die 10 Länder mit den meisten E-Autos - Statistiken

Allgemein
  • Dieses Quiz wurde 60 mal gespielt
  • Das Durchschnittsergebnis liegt bei 7 aus 10
Antwortstatistiken
RANG LAND % Korrekt
8. Deutschland
91%
5. China
86%
3. Schweden
81%
7. Finnland
79%
1. (Über 90%) Norwegen
78%
4. Niederlande
76%
9. Schweiz
72%
6. Dänemark
71%
2. Island
62%
10. Vereinigtes Königreich
0%
Keine übereinstimmenden Quizze gefunden
Verteilung der Resultate
Anzahl Personen mit jedem Resultat
Perzentil nach korrekt beantworteten Fragen
Ihre Resultats-Entwicklung
Sie haben dieses Quiz noch nicht gespielt